000 00573nam a2200193Ia 4500
005 20250326142940.0
008 250326s9999 xx 000 0 und d
037 _aTextbook
040 _aFMSL
_beng
_cFMSL
041 _aeng
_2eng
084 _aX:74.1 P0
_qFMSL
100 _aLane H W
_9746962
245 0 _aInternational Management Behavior
_cLane H W; Distefano J J And Others
250 _a4
260 _aUnited Kingdom
_bUnited Kingdom, Blackwell Business Publishers
_c2000
300 _axx538
942 _cTB
_hX:74.1 P0
999 _c1297414
_d1297414